00540nam a2200157Ia 450000500170000000800410001708200130005810000170007124500170008826000330010530000130013850001150015194200060026695200950027299900150036720240823015020.0240331s9999 xx 000 0 und d bTOLa800 aTolstoy, L.N 0aAnna Karenin aEnglandbPenguin booksc1954 a852 p ., aAnna Karenin, Tolstoy's most perfect work, the psychological novel of the nineteenth century reached its peak. cL 001040708LaWERCLbWERCLcSSCd2024-03-31l0o 800 TOLp1350r2024-03-31w2024-03-31yL c3066d3066